The best-natured man : Sir Samuel Garth, physician and poet /

Bibliographic Details
Main Author: Sena, John F.
Format: Book
Language:English
Published: New York : AMS Press, [1986]
Series:AMS studies in the eighteenth century ; no. 9.
Subjects:

MARC

Tag First Indicator Second Indicator Subfields
LEADER 00000cam a2200000 a 4500
001 in00000011836
005 20151007051714.0
008 870209s1986 nyua b 00010beng
010 |a  85048001  
020 |a 0404614752 :  |c $34.50 
035 |a (OCoLC)15283165 
035 |9 AAA4382AM 
040 |a DLC  |c DLC  |d m/c  |d TXA  |d UtOrBLW 
049 |a TXAM  |c [A11034205] 
050 0 0 |a PR3471.G3  |b Z87 1986 
082 0 |a 821/.5  |a B  |2 19 
100 1 |a Sena, John F. 
245 1 4 |a The best-natured man :  |b Sir Samuel Garth, physician and poet /  |c John F. Sena. 
264 1 |a New York :  |b AMS Press,  |c [1986] 
264 4 |c ©1986 
300 |a xi, 215 pages :  |b illustrations ;  |c 23 cm. 
336 |a text  |b txt  |2 rdacontent 
337 |a unmediated  |b n  |2 rdamedia 
338 |a volume  |b nc  |2 rdacarrier 
490 1 |a AMS studies in the eighteenth century,  |x 0196-6561 ;  |v no. 9 
504 |a Bibliography: pages 191-203. 
500 |a Includes index. 
600 1 0 |a Garth, Samuel,  |c Sir,  |d 1661-1719. 
650 0 |a Poets, English  |y 18th century  |v Biography. 
650 0 |a Physicians  |z Great Britain  |v Biography. 
830 0 |a AMS studies in the eighteenth century ;  |v no. 9. 
999 |a MARS 
999 f f |s 139f1d9a-23c9-3776-8f10-54b991b92e18  |i 877d6c52-d374-35e6-9266-6cd02a08a732  |t 0 
952 f f |p normal  |a Texas A&M University  |b College Station  |c Sterling C. Evans Library  |d Evans: Library Stacks  |t 0  |e PR3471.G3 Z87 1986  |h Library of Congress classification  |i unmediated -- volume  |m A14811034205 
998 f f |a PR3471.G3 Z87 1986  |t 0  |l Evans: Library Stacks